LEADER 01092nam a2200241 i 4500 001 000000176081 003 CaOOAMICUS 005 20090303000000.0 008 090303s1984 it u000 u ita u 013 $a153566 040 $aSeMil$bita 245 10$aGiovanni Paolo 2. pellegrino al Sacro Monte :$bVarese 2 novembre 1984 /$cfotografie di Pietro Bianchi ... [et al.]. 260 $a[S.l. :$bs.n.],$cstampa 1984$e(Varese :$fTip. Conti,$gstampa 1984) 300 $a[64] p. :$bquasi tutte ill. ;$c27 cm. 500 $aFondo card. Giovanni Colombo. 650 4$aGiovanni Paolo II - Viaggi apostolici - Milano.$0(OLS)http://semarc/subject/32334 700 1 $aBianchi, Pietro.$0(OLS)http://semarc/name/65577 850 $aSeMil 852 $aSeMil$W1$xVenegono$y1$m3A VI 327$j126903$B126903$CSeMilBibl$Z2$F140027 $81 941 1 $a3 961 $aLascito: Colombo Card. Giovanni 996 $6245$aGiovanni Paolo 2. pellegrino al Sacro Monte :$bVarese 2 novembre 1984$9(OLS)http://semarc/title/252642 996 $6260$a[S.l. :$bs.n.]$9(OLS)http://semarc/publisher/29751 LEADER 01052nam a2200205 i 4500 001 000000032040 003 CaOOAMICUS 005 20180830125449.0 008 180830s1855 fr u000 u und u 040 $aSeMil$bita 100 1 $aGrou, Jean Nicolas,$c.$0(OLS)http://semarc/name/6820 245 12$aL'interieur de Jésus et de Marie :$bavec des sujets de méditation pour tous les dimanches et fetes principales de l'année /$cpar le R. P. Grou. 250 $a12. éd. revue et corrigée, augmentée d'une notice sur la vie et les ouvrages de l'auteur. 260 $aParis :$bA. Poilleux,$c1855. 300 $a2 v. ;$c18 cm. 650 4$aCristianesimo - Libri di preghiere e devozione francesi.$0(OLS)http://semarc/subject/5124 774 0 $tTome 1.$g1$w()131729 774 0 $tTome 2.$g2$w()242751 996 $6245$aL'interieur de Jésus et de Marie :$bavec des sujets de méditation pour tous les dimanches et fetes principales de l'année$9(OLS)http://semarc/title/43467 996 $6260$aParis :$bA. Poilleux$9(OLS)http://semarc/publisher/39137